04884nam a2200337 a 4500003000500000005001700005007000300022008004100025040000800066041001300074100004000087240011100127245013900238264004200377300008800419336002700507337002900534338003900563502007000602504003600672520185300708520156702561650005804128650006204186650004904248650005204297700004804349700004704397700004504444856005704489CHAP20251216085052.0ta251215s2025 mx abo|fsm||| 001 0 spa d erda aspabeng1 aAguilar López, Lucía del Carmen aProposal for a selection plan of green gold coffee (coffea Arabica l.) for the company ecafé.lEspañol1 aPropuesta de plan de selección de café oro verde (Coffea arabica L.) para la empresa ecafé /cLucía del Carmen Aguilar López aChapingo, México :bEl autor,c2025 a1 recurso en línea ( 77 páginas) :bilustraciones, tablas, mapas, fotografías 2rdacontentatextobtxt 2rdamediaacomputadorabc 2rdacarrierarecurso en líneabcr aInforme de Estancia PreprofesionalbIAcAgroindustriasd2025gLIC aBibliografía: páginas 73-743 aEl presente documento está integrado por los resultados obtenidos durante la realización de la Estancia Preprofesional dentro de la empresa Ecafé, Exportadora de Café Chiapas S.A. de C.V. ubicada en La Trinitaria, Chiapas durante el periodo comprendido del 01 de julio de 2024 al 30 de septiembre de 2024. Ecafé es una empresa que cuenta con una planta ubicada en La Trinitaria, Chiapas y con dos fincas que se dedican a la producción de café ubicadas en Jacaltenango y Motozintla, Chiapas, respectivamente. Esta empresa se dedica a la producción, comercialización y exportación de café oro. La empresa cuenta con grandes perspectivas de expansión, por lo cual es de suma importancia tener planteado un proceso adecuado para la selección de granos de café oro y asegurar la calidad de café que se ofrece al consumidor. Este proyecto presenta un plan de selección de café oro (Coffea Arabica L.) para la empresa, este se enfoca principalmente en plantear un proceso de selección de café oro que se rija a las normas mexicanas para asegurar la calidad ofrecida y tener un proceso especifico dentro de la empresa para este fin. Para ello se hizo un diagnóstico de la empresa y del proceso que se tiene para la selección de los granos de café oro, para identificar las deficiencias y las alternativas de solución para dicho proceso. Para la elaboración de dicho documento se rescataron conceptos e información de distintas normas, tales como; NMX-F 107-SCFI-2008, NMX-F-162-SCFI-2008, NOM-169-SCFI- 2007, entre otras más. Además de eso también se realizó una lista de verificación con base en la NOM-251-SSA1-2009 para obtener un diagnóstico completo de la empresa. El cumplimiento de este plan de selección compromete a todo el personal que se dedica a este proceso dentro de la empresa.3 aThis document presents the results obtained during the completion of the Pre-professional Internship at Ecafé, Exportadora de Café Chiapas S.A. de C.V., located in La Trinitaria, Chiapas, during the period from July 1, 2024, to September 30, 2024. Ecafé is a company with a processing plant in La Trinitaria, Chiapas, and two coffee-producing farms located in Jacaltenango and Motozintla, Chiapas, respectively. The company is dedicated to the production, commercialization, and export of green coffee. The company has strong expansion prospects, making it essential to establish an appropriate process for selecting green coffee beans to ensure the quality of the coffee offered to consumers. This project presents a selection plan of green coffee (Coffea Arabica L.) for the company. It focuses primarily on establishing a selection process that adheres to Mexican standards to guarantee quality and to implement a specific procedure within the company for this purpose. To achieve this, a diagnostic assessment of the company and its current green coffee bean selection process was conducted to identify deficiencies and propose alternative solutions. The development of this document incorporated concepts and information from various standards, including NMX-F-107-SCFI-2008, NMX-F-162-SCFI- 2008, NOM-169-SCFI-2007, among others. Additionally, a checklist based on NOM-251- SSA1-2009 was created to obtain a comprehensive diagnosis of the company. Compliance with this selection plan involves all personnel engaged in this process within the company.13aSemillas de caféxControl de calidadzMéxico2atg13aSemillas de caféxIndustria y comerciozMéxico 2atg13aCoffee beansxQuality controlzMexico 2atg13aCoffee beansxIndustry and tradezMexico 2atg1 aReyna Izaguirre, Diana Américaedirectora1 aMaldonado Simán, Ema de Jesúseasesora1 aMárquez Berber, Sergio Robertoeasesor uhttp://10.13.5.2/tesis/t?/archivo.pdfzDESCARGAR PDF